Most Popular Vietnamese Dishes - Statistics

General Stats
  • This quiz has been taken 27 times
  • The average score is 4 of 12
Answer Stats
Picture Answer % Correct
Phở
92%
Bánh Mì
75%
Chả giò
58%
Bánh xèo
46%
Bún chả
38%
Quẩy
29%
Bò kho
25%
Bún bò Huế
25%
Mì Quảng
17%
Nước chấm
13%
Bún Bò Nam Bộ
8%
Cao lầu
4%
No matching quizzes found
Score Distribution
Percent of People with Each Score
Percentile by Number Answered
Your Score History
You have not taken this quiz